CPC Futures (Record no. 61584)

MARC details
000 -LEADER
fixed length control field 01518nam a2200229Ii 4500
008 - FIXED-LENGTH DATA ELEMENTS--GENERAL INFORMATION
fixed length control field 221202s xx 000 0 und d
245 #0 - TITLE STATEMENT
Title CPC Futures
246 ## - VARYING FORM OF TITLE
Title proper/short title The New Era of Socialism with Chinese Characteristics
264 ## - PRODUCTION, PUBLICATION, DISTRIBUTION, MANUFACTURE, AND COPYRIGHT NOTICE
Name of producer, publisher, distributor, manufacturer NUS Press
Date of production, publication, distribution, manufacture, or copyright notice 2022
300 ## - PHYSICAL DESCRIPTION
Extent 1 online resource
336 ## - CONTENT TYPE
Content type term text
Content type code txt
Source rdacontent
337 ## - MEDIA TYPE
Media type term computer
Media type code c
Source rdamedia
338 ## - CARRIER TYPE
Carrier type term online resource
Carrier type code cr
Source rdacarrier
520 ## - SUMMARY, ETC.
Summary, etc. What will the upcoming 20th Congress of the Communist Party of China (CPC) bring, and what will the next decade of CPC rule look like? Who will rule China and what future do they envision for the Party and China? In this volume, the East Asian Institute in Singapore brings together an exceptional team of world-leading China experts from Asia, the United States, Europe and Australia to set out the future implications of trends in CPC politics and governance in CPC General Party Secretary Xi Jinping’s “New Era.” The essays collected in this volume bring together cutting-edge research and insights into the China’s economy, society, politics, military and international relations targeted at for a professional audience in government, business, the media, NGOs and universities.
653 ## - INDEX TERM--UNCONTROLLED
Uncontrolled term Political Science
653 ## - INDEX TERM--UNCONTROLLED
Uncontrolled term Research
653 ## - INDEX TERM--UNCONTROLLED
Uncontrolled term Social Science
700 1# - ADDED ENTRY--PERSONAL NAME
Personal name Hofman, Bert
700 1# - ADDED ENTRY--PERSONAL NAME
Personal name Pieke, Frank N.
856 ## - ELECTRONIC LOCATION AND ACCESS
Uniform Resource Identifier <a href="https://library.oapen.org/bitstream/20.500.12657/58473/1/external_content.pdfhttps://library.oapen.org/handle/20.500.12657/58473">https://library.oapen.org/bitstream/20.500.12657/58473/1/external_content.pdfhttps://library.oapen.org/handle/20.500.12657/58473</a>
942 ## - ADDED ENTRY ELEMENTS (KOHA)
Koha item type E-Book
Holdings
Withdrawn status Damaged status Not for loan Home library Current library Date acquired Total Checkouts Date last seen Price effective from Koha item type
      Directory of Open Access Books Directory of Open Access Books 11/28/2022   11/28/2022 11/28/2022 E-Book

University of Rizal System
Email us at univlibservices@urs.edu.ph

Visit our Website www.urs.edu.ph/library